Logo BPK

Biblioteka

Politechniki Koszalińskiej

Dynamics in civil engineering. (Rekord nr 20494)

Szczegóły MARC
000 -ETYKIETA REKORDU
podpole kontrolne o stałej długości 00348nam a2200133 i 4500
001 - NUMER KONTROLNY REKORDU
pole kontrolne bg
040 ## - ŹRÓDŁO KATALOGOWANIA
Instytucja, która utworzyła rekord BPK
041 ## - KOD JĘZYKA
Kod języka tekstu pol
008 - POLE O STAŁEJ DŁUGOŚCI - DANE KONTROLNE
podpole kontrolne o stałej długości s pl f |000 0 pol
100 1# - NAZWA OSOBOWA
Nazwa osobowa MAJOR, Aleksander.
245 10 - TYTUŁ/ODPOWIEDZIALNOŚĆ
Tytuł Dynamics in civil engineering.
Oznaczenie części/sekcji dzieła Vol. 3,
Tytuł części/sekcji dzieła Fundations for high /
Pozostałe elementy strefy tytułu i oznaczenia odpowiedzialności Aleksander Major.
260 ## - STREFA ADRESU WYDAWNICZEGO
Miejsce wydania Budapest,
Data publikacji, dystrybucji/powstania dokumentu 1980.
856 ## - LOKALIZACJA I DOSTĘP DO ELEKTRONICZNYCH DOKUMENTÓW ZDALNYCH
Link (URL) http://koha.tu.koszalin.pl/cgi-bin/koha/opac-detail.pl?biblionumber=20494
Tekst linku Katalog online BPK
942 ## - DODATKOWE ELEMENTY (KOHA)
Typ dokumentu Książka
Egzemplarze
Wycofany Status egzemplarza Uszkodzony Dostępność Lokalizacja stała Lokalizacja bieżąca Miejsce przechowywania Sygnatura Kod kreskowy Typ dokumentu
      Dostępny Biblioteka Politechniki Koszalińskiej Biblioteka Politechniki Koszalińskiej Wypożyczalnia BG 28883 01178760 Książka
© 2023 Biblioteka Politechniki Koszalińskiej :: KOHA